Política y sociedad entre dos épocas
Este capítulo más que una discusión sobre conceptos y genealogía, se examina la relación en el concepto de democracia y los fenómenos que en América Latina tienen que ver con la generación de los regímenes democráticos. Se explica la definición del pensamiento democrático en América Latina, la redef...
Uloženo v:
| Hlavní autor: | |
|---|---|
| Médium: | Text |
| Vydáno: |
Buenos Aires:
HomoSapiens Ediciones
|
| Témata: | |
| Tagy: |
Přidat tag
Žádné tagy, Buďte první, kdo vytvoří štítek k tomuto záznamu!
|
MARC
| LEADER | 00000 a a2200000 04500 | ||
|---|---|---|---|
| 001 | 31147 | ||
| 003 | |||
| 040 | |||
| 020 | |a 950-808-292-5 | ||
| 090 | |a 197702 | ||
| 100 | |a Garretón, Miguel Antonio | ||
| 245 | |a Política y sociedad entre dos épocas | ||
| 260 | |a Buenos Aires: |b HomoSapiens Ediciones | ||
| 300 | |a 147 p. | ||
| 520 | |a Este capítulo más que una discusión sobre conceptos y genealogía, se examina la relación en el concepto de democracia y los fenómenos que en América Latina tienen que ver con la generación de los regímenes democráticos. Se explica la definición del pensamiento democrático en América Latina, la redefinición y revaloración de la democracia, las democratizaciones políticas, el problema ético de las democratizaciones, problemas actuales de la democracia y el futuro de la democracia en América Latina | ||
| 650 | |a DEMOCRACIA | ||
| 650 | |a DEMOCRATIZACION | ||
| 650 | |a TEORIA SOCIAL | ||
| 650 | |a SISTEMAS POLITICOS | ||
| 650 | |a DESARROLLO POLITICO | ||
| 999 | |c 13132 |d 13132 | ||



